Civilisation francaise contemporaine

Tallennettuna:
Bibliografiset tiedot
Päätekijä: Paoletti, Michel (auteur)
Aineistotyyppi: Kirja
Kieli:ranska
Julkaistu: París Hatier 1969
Aiheet:
Tagit: Lisää tagi
Ei tageja, Lisää ensimmäinen tagi!

MARC

LEADER 00000nam a2200000 a 4500
001 UCZ6350
003 CL-VaPUC
008 951211e19690000FR |||||||||||||||||fre|d
082 0 4 |a 944  |b PAO  |2 21 
100 |a Paoletti, Michel  |e auteur  |9 350602 
245 1 0 |a Civilisation francaise contemporaine 
300 |a 191 p 
942 |c BK 
945 |d 19951211 00:00:00  |a rleighto 
260 |a París  |b Hatier  |c 1969 
650 0 |a Civilización   |9 255823 
650 0 |a Cultura  |9 269059 
650 0 |a Sociedad  |9 307903 
650 0 |a Vida política  |9 337438 
650 0 |a Religión   |9 255164 
650 0 |a Agricultura  |9 255598 
650 7 |a INDUSTRIA  |2 CL-VaPUC  |9 315110 
651 0 |a Francia  |9 255157 
583 |a last modification  |c 19951211 00:00:00  |k Rodrigo Vera 
999 |c 242558  |d 242556 
952 |0 0  |1 0  |4 0  |6 944_000000000000000_PAO_1969  |7 0  |8 A  |9 255597  |a BIBEDU  |b BIBEDU  |d 2019-11-19  |i 3159604  |o 944 PAO 1969  |p 3159604  |r 2019-11-19  |w 2019-11-19  |y BK  |k LIT